[Event "POL-chT 47th"]
[Site "Mikolajki"]
[Date "1991.09.??"]
[Round "3"]
[White "Maciejewski, Miroslaw"]
[Black "Filipowicz, Andrzej"]
[Result "1/2-1/2"]
[WhiteElo "2320"]
[BlackElo "2360"]
[PlyCount "72"]
[EventDate "1991.09.20"]
[EventType "team-swiss"]
[EventRounds "9"]
[EventCountry "POL"]
[SourceTitle "EXT 2019"]
[Source "ChessBase"]
[SourceDate "2018.10.10"]
[SourceVersion "1"]
[SourceVersionDate "2018.10.10"]
[SourceQuality "1"]
[WhiteTeam "Plock PTSz"]
[BlackTeam "Warszawa Legion"]
[WhiteTeamCountry "POL"]
[BlackTeamCountry "POL"]

1. e4 c5 2. Nf3 e6 3. d4 cxd4 4. Nxd4 Nc6 5. Nc3 Qc7 6. Be2 a6 7. 0-0 Be7 8. Be3 d6 9. f4 Nf6 10. Kh1 Bd7 11. Qe1 b5 12. a3 Rc8 13. Qg3 h5 14. h3 h4 15. Qf2 Nxd4 16. Bxd4 e5 17. Be3 Bc6 18. fxe5 dxe5 19. Bg5 Qb7 20. Bd3 Bd8 21. Rae1 Ng4 22. Qf5 Rh5 23. hxg4 Rxg5 24. Qh7 Bf6 25. Nd1 Rxg4 26. Ne3 Rg6 27. Nf5 Kd7 28. Rd1 Kc7 29. Ne7 Rh6 30. Qxh6 gxh6 31. Rxf6 Bxe4 32. Bxe4 Qxe4 33. Rdd6 Qe1+ 34. Kh2 Qg3+ 35. Kh1 Qe1+ 36. Kh2 Qg3+ 1/2-1/2

[Event "POL-chT 46th prel"]
[Site "Bydgoszcz"]
[Date "1990.09.18"]
[Round "3"]
[White "Sarwinski, Miroslaw"]
[Black "Filipowicz, Andrzej"]
[Result "0-1"]
[WhiteElo "2375"]
[BlackElo "2360"]
[PlyCount "76"]
[EventDate "1990.09.16"]
[EventType "team-swiss"]
[EventRounds "6"]
[EventCountry "POL"]
[SourceTitle "EXT 2019"]
[Source "ChessBase"]
[SourceDate "2018.10.10"]
[SourceVersion "1"]
[SourceVersionDate "2018.10.10"]
[SourceQuality "1"]
[WhiteTeam "Warszawa Polonia"]
[BlackTeam "Warszawa Legion"]
[WhiteTeamCountry "POL"]
[BlackTeamCountry "POL"]

1. d4 Nf6 2. Nf3 c5 3. c3 b6 4. Bg5 Ne4 5. Bh4 Bb7 6. e3 g6 7. Bd3 Bg7 8. Qc2 f5 9. 0-0 0-0 10. Nbd2 Nxd2 11. Nxd2 d5 12. Rad1 c4 13. Be2 Nd7 14. Bf3 Rc8 15. b3 cxb3 16. axb3 Qc7 17. Bxe7 Rfe8 18. Bh4 Qxc3 19. Qa2 Qc6 20. Nc4 a5 21. Rc1 Ba6 22. Rfd1 Re4 23. Bxe4 fxe4 24. Qb1 dxc4 25. bxc4 Bxc4 26. d5 Qd6 27. Qxe4 b5 28. Bg3 Be5 29. f4 Bg7 30. Qf3 Qc5 31. Bf2 Rf8 32. e4 Qe7 33. g3 g5 34. Qg4 gxf4 35. gxf4 Nf6 36. Qe6+ Qxe6 37. dxe6 Bxe6 38. f5 Bb3 0-1

[Event "Dortmunder Schachtage-C 18th"]
[Site "Dortmund"]
[Date "1990.04.09"]
[Round "5"]
[White "Filipowicz, Andrzej"]
[Black "Rausis, Igors"]
[Result "1/2-1/2"]
[WhiteElo "2385"]
[BlackElo "2470"]
[PlyCount "72"]
[EventDate "1990.04.05"]
[EventType "tourn"]
[EventRounds "11"]
[EventCountry "GER"]
[EventCategory "5"]
[SourceTitle "EXT 1997"]
[Source "ChessBase"]
[SourceDate "1996.11.15"]
[SourceVersion "1"]
[SourceVersionDate "1996.11.15"]
[SourceQuality "1"]

1. e4 c5 2. Nf3 Nc6 3. d4 cxd4 4. Nxd4 g6 5. Nc3 Bg7 6. Nde2 Nf6 7. g3 b5 8. Bg2 Rb8 9. 0-0 0-0 10. h3 d6 11. a3 a5 12. g4 b4 13. axb4 axb4 14. Nd5 Nd7 15. c3 Nc5 16. Bg5 Re8 17. Nd4 Nxd4 18. cxd4 Ne6 19. Be3 Nc7 20. Nxc7 Qxc7 21. Qb3 Qb6 22. Rfd1 Ba6 23. e5 Rec8 24. Rdc1 h6 25. Be4 Rxc1+ 26. Rxc1 dxe5 27. dxe5 Qb5 28. Bxg6 e6 29. Bxf7+ Kxf7 30. Rc7+ Kg8 31. Qxe6+ Kh8 32. Rxg7 Kxg7 33. Qf6+ Kg8 34. Qe6+ Kg7 35. Qf6+ Kg8 36. Qe6+ Kg7 1/2-1/2

[Event "Dortmunder Schachtage-C 18th"]
[Site "Dortmund"]
[Date "1990.04.07"]
[Round "3"]
[White "Filipowicz, Andrzej"]
[Black "Konikowski, Jerzy"]
[Result "1/2-1/2"]
[WhiteElo "2385"]
[BlackElo "2360"]
[PlyCount "32"]
[EventDate "1990.04.05"]
[EventType "tourn"]
[EventRounds "11"]
[EventCountry "GER"]
[EventCategory "5"]
[SourceTitle "EXT 1997"]
[Source "ChessBase"]
[SourceDate "1996.11.15"]
[SourceVersion "1"]
[SourceVersionDate "1996.11.15"]
[SourceQuality "1"]

1. c4 g6 2. Nc3 Bg7 3. g3 Nf6 4. Bg2 0-0 5. e4 d6 6. Nge2 c5 7. 0-0 Nc6 8. d3 a6 9. Rb1 Rb8 10. a4 Bd7 11. h3 Ne8 12. Be3 Nc7 13. d4 cxd4 14. Nxd4 b5 15. Nxc6 Bxc6 16. cxb5 axb5 1/2-1/2

[Event "Warsaw"]
[Site "Warsaw"]
[Date "1990.??.??"]
[Round "4"]
[White "Filipowicz, Andrzej"]
[Black "Chekhov, Valery A"]
[Result "0-1"]
[WhiteElo "2385"]
[BlackElo "2455"]
[PlyCount "72"]
[EventDate "1990.01.??"]
[EventType "tourn"]
[EventRounds "13"]
[EventCountry "POL"]
[EventCategory "9"]
[SourceTitle "CBM 017"]
[Source "ChessBase"]
[SourceDate "1990.08.01"]
[SourceVersion "1"]
[SourceVersionDate "1990.08.01"]
[SourceQuality "1"]

1. e4 Nf6 2. e5 Nd5 3. Nc3 Nxc3 4. dxc3 d6 5. Bf4 Nc6 6. Nf3 dxe5 7. Qxd8+ Nxd8 8. Nxe5 c6 9. 0-0-0 f6 10. Nc4 Nf7 11. Bg3 e5 12. Nd2 g6 13. Bc4 Nd6 14. Bb3 Bh6 15. f3 Bf5 16. Kb1 0-0-0 17. Bf2 Kc7 18. g4 Bc8 19. h3 Bf4 20. c4 Nf7 21. Ne4 f5 22. gxf5 gxf5 23. Rxd8 Rxd8 24. Nc5 Rd2 25. Nd3 e4 26. fxe4 fxe4 27. Nxf4 Rxf2 28. Nh5 Bxh3 29. Ng3 Ng5 30. c3 e3 31. Bd1 Rg2 32. Ne2 Bg4 33. Nf4 Bf5+ 34. Kc1 Rf2 35. Ne2 Bd3 36. Rg1 h6 0-1

[Event "Warsaw"]
[Site "Warsaw"]
[Date "1990.??.??"]
[Round "10"]
[White "Filipowicz, Andrzej"]
[Black "Kuczynski, Robert"]
[Result "0-1"]
[WhiteElo "2385"]
[BlackElo "2460"]
[PlyCount "86"]
[EventDate "1990.01.??"]
[EventType "tourn"]
[EventRounds "13"]
[EventCountry "POL"]
[EventCategory "9"]
[SourceTitle "CBM 017"]
[Source "ChessBase"]
[SourceDate "1990.08.01"]
[SourceVersion "1"]
[SourceVersionDate "1990.08.01"]
[SourceQuality "1"]

1. e4 Nc6 2. d4 e5 3. d5 Nce7 4. Nc3 Ng6 5. Be3 Bb4 6. Qd3 Nf6 7. f3 0-0 8. Nge2 d6 9. 0-0-0 Nd7 10. g3 Nb6 11. h4 h5 12. Bh3 Bxh3 13. Rxh3 Qd7 14. g4 hxg4 15. fxg4 Bxc3 16. bxc3 Nf4 17. Nxf4 exf4 18. Bd4 Qa4 19. c4 Nxc4 20. Qb3 Qxb3 21. cxb3 Ne5 22. Rf1 Rae8 23. Bxe5 dxe5 24. Rc3 Re7 25. Kd2 f6 26. Rfc1 Rff7 27. Ke2 Kf8 28. Kf3 Rd7 29. h5 Ke8 30. g5 fxg5 31. Rg1 Rde7 32. Rxg5 Rf6 33. Rc2 Kd7 34. Rcg2 Rh6 35. Rf5 Kd6 36. Rfg5 Kd7 37. Kg4 Kd6 38. Kh4 f3 39. Rf2 Rf7 40. Rg6+ Rxg6 41. hxg6 Rf4+ 42. Kg3 Rxe4 43. Rxf3 Rf4 0-1

[Event "Tuzla"]
[Site "Tuzla"]
[Date "1990.??.??"]
[Round "10"]
[White "Filipowicz, Andrzej"]
[Black "Palos, Osman"]
[Result "1/2-1/2"]
[WhiteElo "2385"]
[BlackElo "2370"]
[PlyCount "122"]
[EventDate "1990.??.??"]
[EventType "tourn"]
[EventRounds "13"]
[EventCountry "YUG"]
[EventCategory "5"]
[SourceTitle "EXT 1997"]
[Source "ChessBase"]
[SourceDate "1996.11.15"]
[SourceVersion "1"]
[SourceVersionDate "1996.11.15"]
[SourceQuality "1"]

1. c4 e5 2. g3 Nf6 3. Bg2 h6 4. a3 c6 5. Nf3 e4 6. Nd4 d5 7. cxd5 Qxd5 8. Nc2 Qd8 9. Nc3 Bf5 10. Ne3 Bg6 11. b4 Bd6 12. Bb2 0-0 13. 0-0 Re8 14. Qb3 Be5 15. Rad1 Nbd7 16. Nc4 Bc7 17. f3 h5 18. Nxe4 Nxe4 19. fxe4 h4 20. gxh4 Qxh4 21. Qh3 Rxe4 22. Ne3 Nf8 23. Qxh4 Rxh4 24. h3 Re8 25. Nf5 Bxf5 26. Rxf5 Rxe2 27. Kf1 Re7 28. Re1 Rxe1+ 29. Kxe1 Ne6 30. Bf1 a6 31. Rf3 Bb6 32. Bc3 g6 33. Bf6 Re4+ 34. Kd1 Rf4 35. Rxf4 Nxf4 36. a4 Nd5 37. Bc3 f5 38. b5 axb5 39. axb5 Kh7 40. bxc6 bxc6 41. Ke2 Bd8 42. Kf3 Bf6 43. Bxf6 Nxf6 44. Kf4 Kg7 45. Bd3 Kf7 46. Bc4+ Ke7 47. d4 Ne4 48. Ba6 Ke6 49. h4 Nd6 50. Be2 Nb5 51. Ke3 Nc3 52. Bf3 Nd5+ 53. Kd3 Kd6 54. Kc4 Nf4 55. Kc3 Nd5+ 56. Kc4 Nc7 57. Kd3 Ne6 58. Ke3 Nf8 59. Kf4 Ne6+ 60. Ke3 Nd8 61. Kf4 Ne6+ 1/2-1/2

[Event "Warsaw"]
[Site "Warsaw"]
[Date "1990.??.??"]
[Round "6"]
[White "Filipowicz, Andrzej"]
[Black "Tischbierek, Raj"]
[Result "1/2-1/2"]
[WhiteElo "2385"]
[BlackElo "2440"]
[PlyCount "57"]
[EventDate "1990.01.??"]
[EventType "tourn"]
[EventRounds "13"]
[EventCountry "POL"]
[EventCategory "9"]
[SourceTitle "CBM 017"]
[Source "ChessBase"]
[SourceDate "1990.08.01"]
[SourceVersion "1"]
[SourceVersionDate "1990.08.01"]
[SourceQuality "1"]

1. c4 e5 2. g3 Nf6 3. Bg2 d5 4. cxd5 Nxd5 5. Nc3 Nb6 6. Nf3 Nc6 7. a3 Be7 8. b4 0-0 9. 0-0 Re8 10. d3 Bf8 11. Bb2 a5 12. b5 Nd4 13. Nd2 a4 14. e3 Ne6 15. Nc4 Nc5 16. Nxb6 cxb6 17. Bd5 Be6 18. e4 Qd7 19. Rb1 Bh3 20. Re1 Bg4 21. f3 Bh5 22. Kg2 Kh8 23. g4 Bg6 24. Bc1 f6 25. d4 exd4 26. Qxd4 Rad8 27. Qe3 Bf7 28. Rd1 Qe7 29. Bb2 1/2-1/2

[Event "Warsaw"]
[Site "Warsaw"]
[Date "1990.??.??"]
[Round "7"]
[White "Gdanski, Jacek"]
[Black "Filipowicz, Andrzej"]
[Result "1-0"]
[WhiteElo "2430"]
[BlackElo "2385"]
[PlyCount "63"]
[EventDate "1990.01.??"]
[EventType "tourn"]
[EventRounds "13"]
[EventCountry "POL"]
[EventCategory "9"]
[SourceTitle "CBM 017"]
[Source "ChessBase"]
[SourceDate "1990.08.01"]
[SourceVersion "1"]
[SourceVersionDate "1990.08.01"]
[SourceQuality "1"]

1. e4 c5 2. Nf3 g6 3. c3 Bg7 4. d4 cxd4 5. cxd4 d5 6. exd5 Nf6 7. Bb5+ Bd7 8. Bc4 b5 9. Bb3 a5 10. a3 0-0 11. 0-0 Na6 12. Ne5 a4 13. Ba2 b4 14. Bc4 bxa3 15. Rxa3 Nb4 16. Nc3 Be8 17. Nxa4 Nfxd5 18. Nc5 Nb6 19. Rxa8 Qxa8 20. Be2 Qc8 21. Bg4 Qc7 22. Bf4 N6d5 23. Bg3 Qa5 24. Qd2 Bb5 25. Re1 Qa7 26. h4 Kh8 27. h5 Nc6 28. hxg6 fxg6 29. Ne6 Rf6 30. Nxc6 Bxc6 31. Nxg7 Kxg7 32. Be5 1-0

[Event "Tuzla"]
[Site "Tuzla"]
[Date "1990.??.??"]
[Round "5"]
[White "Kaminski, Marcin"]
[Black "Filipowicz, Andrzej"]
[Result "1/2-1/2"]
[WhiteElo "2315"]
[BlackElo "2385"]
[PlyCount "24"]
[EventDate "1990.??.??"]
[EventType "tourn"]
[EventRounds "13"]
[EventCountry "YUG"]
[EventCategory "5"]
[SourceTitle "EXT 1997"]
[Source "ChessBase"]
[SourceDate "1996.11.15"]
[SourceVersion "1"]
[SourceVersionDate "1996.11.15"]
[SourceQuality "1"]

1. c4 c5 2. Nc3 g6 3. g3 Bg7 4. Bg2 Nf6 5. Nf3 0-0 6. 0-0 Nc6 7. e3 e6 8. d4 cxd4 9. Nxd4 Nxd4 10. exd4 d5 11. cxd5 Nxd5 12. Nxd5 exd5 1/2-1/2

[Event "Athens Akropolis op"]
[Site "Athens"]
[Date "1989.??.??"]
[Round "?"]
[White "Dimitrov, Vladimir"]
[Black "Filipowicz, Andrzej"]
[Result "1-0"]
[WhiteElo "2420"]
[BlackElo "2405"]
[PlyCount "41"]
[EventDate "1989.??.??"]
[EventType "swiss"]
[EventRounds "9"]
[EventCountry "GRE"]
[SourceTitle "EXT 1997"]
[Source "ChessBase"]
[SourceDate "1996.11.15"]
[SourceVersion "1"]
[SourceVersionDate "1996.11.15"]
[SourceQuality "1"]

1. e4 c5 2. Nf3 e6 3. d4 cxd4 4. Nxd4 Nc6 5. Nc3 Qc7 6. Be2 a6 7. 0-0 b5 8. Nxc6 Qxc6 9. Bf3 Bb7 10. Re1 Rc8 11. a4 b4 12. e5 Qc7 13. Bxb7 Qxb7 14. Ne4 h5 15. Bg5 Nh6 16. Qxh5 Rxc2 17. Qf3 Qb8 18. Rad1 Qc7 19. Qd3 a5 20. Rc1 f5 21. Nd6+ 1-0

[Event "Athens Akropolis op"]
[Site "Athens"]
[Date "1989.??.??"]
[Round "?"]
[White "Filipowicz, Andrzej"]
[Black "Andrianov, Nikolai Ivanovich"]
[Result "1/2-1/2"]
[WhiteElo "2405"]
[BlackElo "2455"]
[PlyCount "31"]
[EventDate "1989.??.??"]
[EventType "swiss"]
[EventRounds "9"]
[EventCountry "GRE"]
[SourceTitle "EXT 1997"]
[Source "ChessBase"]
[SourceDate "1996.11.15"]
[SourceVersion "1"]
[SourceVersionDate "1996.11.15"]
[SourceQuality "1"]

1. e4 c5 2. Nf3 Nc6 3. d4 cxd4 4. Nxd4 Nf6 5. Nc3 e6 6. Ndb5 d6 7. Bf4 e5 8. Bg5 a6 9. Na3 b5 10. Nd5 Be7 11. Bxf6 Bxf6 12. c3 0-0 13. Nc2 Rb8 14. Be2 Bg5 15. 0-0 a5 16. b4 1/2-1/2

[Event "Athens Akropolis op"]
[Site "Athens"]
[Date "1989.??.??"]
[Round "?"]
[White "Gazis, Efstathios"]
[Black "Filipowicz, Andrzej"]
[Result "0-1"]
[WhiteElo "2270"]
[BlackElo "2405"]
[PlyCount "78"]
[EventDate "1989.??.??"]
[EventType "swiss"]
[EventRounds "9"]
[EventCountry "GRE"]
[SourceTitle "EXT 1997"]
[Source "ChessBase"]
[SourceDate "1996.11.15"]
[SourceVersion "1"]
[SourceVersionDate "1996.11.15"]
[SourceQuality "1"]

1. f4 c5 2. g3 Nc6 3. Nf3 d6 4. Bg2 e5 5. d3 Nf6 6. Nc3 Be7 7. 0-0 0-0 8. e4 Rb8 9. Kh1 b5 10. Nd5 Nxd5 11. exd5 Nb4 12. fxe5 Nxd5 13. exd6 Bxd6 14. Ng5 Nf6 15. a4 b4 16. Bf4 Bg4 17. Qd2 b3 18. c4 h6 19. Nh3 Rb6 20. Be3 Bxh3 21. Bxh3 Be7 22. Rad1 Ra6 23. Qc3 Rxa4 24. Qxb3 Rb4 25. Qa3 Qb6 26. Rd2 Rb3 27. Qa1 Rd8 28. Qb1 a5 29. Bf4 a4 30. Qc2 Bd6 31. Be3 Be5 32. Rf5 Rxb2 33. Qxa4 Rxd2 34. Bxd2 Qb1+ 35. Bf1 Rxd3 36. Qa8+ Kh7 37. Rxf6 Rxd2 38. Rxf7 Bf6 39. Rf8 Qxf1# 0-1

[Event "POL-chT 44th"]
[Site "Krynica"]
[Date "1988.10.??"]
[Round "1"]
[White "Jasnikowski, Zbigniew"]
[Black "Filipowicz, Andrzej"]
[Result "0-1"]
[WhiteElo "2425"]
[BlackElo "2410"]
[PlyCount "63"]
[EventDate "1988.10.01"]
[EventType "team-tourn"]
[EventRounds "11"]
[EventCountry "POL"]
[SourceTitle "EXT 2019"]
[Source "ChessBase"]
[SourceDate "2018.10.10"]
[SourceVersion "1"]
[SourceVersionDate "2018.10.10"]
[SourceQuality "1"]
[WhiteTeam "Wroclaw Politechnika"]
[BlackTeam "Warszawa Legion"]
[WhiteTeamCountry "POL"]
[BlackTeamCountry "POL"]

1. d4 Nf6 2. c4 c5 3. d5 e6 4. Nc3 exd5 5. cxd5 d6 6. Nf3 g6 7. Bf4 a6 8. e4 Nbd7 9. Be2 Nh5 10. Bg5 Be7 11. Bh6 Bf6 12. g4 Ng7 13. g5 Bxc3+ 14. bxc3 0-0 15. Qc2 Qe7 16. Nd2 b5 17. f4 Re8 18. c4 Nf5 19. 0-0 Nd4 20. Qd1 Nb6 21. Rc1 Bd7 22. Re1 bxc4 23. Bxc4 Bb5 24. Bxb5 axb5 25. Nb3 Ra4 26. e5 Nxd5 27. exd6 Qxe1+ 28. Qxe1 Rxe1+ 29. Rxe1 Nf3+ 30. Kf1 Nxe1 31. d7 Ra8 32. Nxc5 0-1

[Event "Warsaw Cup"]
[Site "Warsaw"]
[Date "1987.??.??"]
[Round "8"]
[White "David, Pavel"]
[Black "Filipowicz, Andrzej"]
[Result "1/2-1/2"]
[WhiteElo "2360"]
[BlackElo "2370"]
[PlyCount "57"]
[EventDate "1987.04.??"]
[EventType "swiss"]
[EventRounds "11"]
[EventCountry "POL"]
[SourceTitle "EXT 2001"]
[Source "ChessBase"]
[SourceDate "2000.11.22"]
[SourceVersion "1"]
[SourceVersionDate "2000.11.22"]
[SourceQuality "1"]

1. e4 c5 2. c3 d5 3. d4 cxd4 4. exd5 Nf6 5. cxd4 g6 6. Bb5+ Bd7 7. Bc4 b5 8. Bb3 a5 9. a3 Na6 10. Bg5 Bg7 11. Nf3 0-0 12. 0-0 Nc7 13. Bxf6 Bxf6 14. Ne5 Bc8 15. Nc3 Bb7 16. Nc6 Bxc6 17. dxc6 Bxd4 18. Qf3 e5 19. Rad1 Kg7 20. Ne2 Qd6 21. Nxd4 exd4 22. Rd2 Ne6 23. Rfd1 Rac8 24. Bxe6 Qxe6 25. Rxd4 Rxc6 26. h4 Rc5 27. Rd6 Qe5 28. b4 Rc3 29. Qd5 1/2-1/2

[Event "POL-chT 43rd"]
[Site "Jachranka"]
[Date "1987.??.??"]
[Round "3"]
[White "Filipowicz, Andrzej"]
[Black "Jasnikowski, Zbigniew"]
[Result "1/2-1/2"]
[WhiteElo "2400"]
[BlackElo "2410"]
[PlyCount "169"]
[EventDate "1987.09.23"]
[EventType "team-tourn"]
[EventRounds "11"]
[EventCountry "POL"]
[SourceTitle "EXT 2019"]
[Source "ChessBase"]
[SourceDate "2018.10.10"]
[SourceVersion "1"]
[SourceVersionDate "2018.10.10"]
[SourceQuality "1"]
[WhiteTeam "Warszawa Legion"]
[BlackTeam "Wroclaw Politechnika"]
[WhiteTeamCountry "POL"]
[BlackTeamCountry "POL"]

1. e4 c5 2. Nf3 e6 3. b3 d6 4. Bb2 Nf6 5. e5 dxe5 6. Nxe5 Be7 7. Bb5+ Nbd7 8. 0-0 0-0 9. f4 Nd5 10. Bxd7 Bxd7 11. Nc3 Nxc3 12. Bxc3 Bb5 13. Rf3 f6 14. Ng4 c4 15. Kh1 Bc5 16. Qe2 Qd5 17. a4 Bc6 18. Rg3 Kh8 19. b4 Bd4 20. b5 Be8 21. Ne3 Bxe3 22. Rxe3 Bh5 23. Qf2 Bg6 24. Bb4 Rfe8 25. Rc1 a6 26. bxa6 Rxa6 27. a5 Qb5 28. Bc3 Bxc2 29. g4 Ba4 30. h4 Qd5+ 31. Kh2 Rd6 32. Rg1 Rd7 33. g5 f5 34. Re5 Qd3 35. Rg3 Qb1 36. g6 h6 37. Qe2 Bc6 38. Rg1 Qd3 39. Qh5 Kg8 40. Re3 Qc2 41. Qe2 Be4 42. Qd1 Qxd1 43. Rxd1 Red8 44. Kg3 Rd3 45. Rde1 Rxd2 46. Bxd2 Rxd2 47. Rxe4 fxe4 48. Rxe4 c3 49. Rc4 Rd3+ 50. Kf2 Kf8 51. Rc7 Rd2+ 52. Ke3 Rd5 53. Rxc3 Ke7 54. Rc7+ Kf6 55. Rxb7 Rxa5 56. Kf3 Kxg6 57. Rb3 h5 58. Ke4 Kf6 59. Rb8 Ra4+ 60. Kf3 Ra3+ 61. Ke4 Rh3 62. Rf8+ Ke7 63. Ra8 Kf6 64. Rf8+ Kg6 65. Ke5 Rxh4 66. Kxe6 Rh1 67. Ke5 Re1+ 68. Kd4 h4 69. Rh8 Kf5 70. Rxh4 Re4+ 71. Kd3 Rxf4 72. Rh1 g5 73. Ke3 Ke5 74. Ra1 Kf5 75. Rh1 Kg6 76. Rg1 Rf5 77. Ke4 Rf7 78. Ke3 Rf8 79. Ke4 Rf5 80. Ke3 Kh5 81. Ke4 Rf2 82. Ke3 Rf4 83. Rh1+ Rh4 84. Rg1 Rh2 85. Kf3 1/2-1/2

[Event "Warsaw Cup"]
[Site "Warsaw"]
[Date "1987.??.??"]
[Round "3"]
[White "Filipowicz, Andrzej"]
[Black "Kaliszewski, Tomasz"]
[Result "1/2-1/2"]
[WhiteElo "2370"]
[BlackElo "2230"]
[PlyCount "81"]
[EventDate "1987.04.??"]
[EventType "swiss"]
[EventRounds "11"]
[EventCountry "POL"]
[SourceTitle "EXT 2001"]
[Source "ChessBase"]
[SourceDate "2000.11.22"]
[SourceVersion "1"]
[SourceVersionDate "2000.11.22"]
[SourceQuality "1"]

1. e4 c5 2. Nc3 e6 3. Nf3 Nc6 4. d4 cxd4 5. Nxd4 Nf6 6. a3 d6 7. Be2 Be7 8. 0-0 a6 9. Kh1 Qc7 10. f4 Bd7 11. Be3 0-0 12. Qe1 b5 13. Qg3 Rab8 14. e5 Ne8 15. Rad1 Nxd4 16. Bxd4 f5 17. exd6 Bxd6 18. Bh5 Nf6 19. Be2 Bc6 20. Be5 Bxe5 21. fxe5 Nd5 22. Nxd5 Bxd5 23. c3 Rbd8 24. Rd4 Qe7 25. a4 Bc6 26. axb5 Rxd4 27. cxd4 axb5 28. Rc1 f4 29. Qg4 Bd5 30. h3 h6 31. Bd3 Qg5 32. Qxg5 hxg5 33. Bxb5 f3 34. Bf1 Rb8 35. Rc2 Rb3 36. Kh2 fxg2 37. Bxg2 Rd3 38. Bxd5 exd5 39. Rc8+ Kf7 40. Rc7+ Kg6 41. e6 1/2-1/2

[Event "POL-chT 43rd"]
[Site "Jachranka"]
[Date "1987.??.??"]
[Round "7"]
[White "Filipowicz, Andrzej"]
[Black "Schmidt, Wlodzimierz"]
[Result "1/2-1/2"]
[WhiteElo "2400"]
[BlackElo "2470"]
[PlyCount "26"]
[EventDate "1987.09.23"]
[EventType "team-tourn"]
[EventRounds "11"]
[EventCountry "POL"]
[SourceTitle "EXT 2019"]
[Source "ChessBase"]
[SourceDate "2018.10.10"]
[SourceVersion "1"]
[SourceVersionDate "2018.10.10"]
[SourceQuality "1"]
[WhiteTeam "Warszawa Legion"]
[BlackTeam "Katowice Kolejarz"]
[WhiteTeamCountry "POL"]
[BlackTeamCountry "POL"]

1. e4 e6 2. d4 d5 3. Nd2 c5 4. Ngf3 Nc6 5. exd5 exd5 6. Bb5 Bd6 7. 0-0 cxd4 8. Nb3 Nge7 9. Nbxd4 0-0 10. Be3 Bg4 11. h3 Nxd4 12. Bxd4 Bh5 13. Be2 Rc8 1/2-1/2

[Event "POL-chT 43rd"]
[Site "Jachranka"]
[Date "1987.??.??"]
[Round "1"]
[White "Filipowicz, Andrzej"]
[Black "Tomaszewski, Roman"]
[Result "1/2-1/2"]
[WhiteElo "2400"]
[BlackElo "2435"]
[PlyCount "27"]
[EventDate "1987.09.23"]
[EventType "team-tourn"]
[EventRounds "11"]
[EventCountry "POL"]
[SourceTitle "EXT 2019"]
[Source "ChessBase"]
[SourceDate "2018.10.10"]
[SourceVersion "1"]
[SourceVersionDate "2018.10.10"]
[SourceQuality "1"]
[WhiteTeam "Warszawa Legion"]
[BlackTeam "Czestochowa Skra-Komobex"]
[WhiteTeamCountry "POL"]
[BlackTeamCountry "POL"]

1. c4 e5 2. Nc3 Nc6 3. g3 g6 4. Bg2 Bg7 5. d3 d6 6. Nf3 Nf6 7. 0-0 0-0 8. Rb1 a5 9. a3 h6 10. b4 axb4 11. axb4 Be6 12. b5 Ne7 13. e4 Nd7 14. Nd5 1/2-1/2